书目信息 |
| 题名: |
你只是假装在陪孩子
|
|
| 作者: | 克莱尔 著 ;徐颖 译 | |
| 分册: | ||
| 出版信息: | 北京 电子工业出版社 2021.08 |
|
| 页数: | 216页 | |
| 开本: | 24cm | |
| 丛书名: | ||
| 单 册: | ||
| 中图分类: | G78-53 | |
| 科图分类: | ||
| 主题词: | 家庭教育--文集 | |
| 电子资源: | ||
| ISBN: | 978-7-121-41457-2 | |
| 000 | 01507nam0 2200265 450 | |
| 001 | 012001000673 | |
| 005 | 20141201162557.0 | |
| 010 | @a978-7-121-41457-2@dCNY49.80 | |
| 100 | @a20220905d2021 em y0chiy50 ea | |
| 101 | 0 | @achi |
| 102 | @aCN@b110000 | |
| 105 | @ay z 000yy | |
| 106 | @ar | |
| 200 | 1 | @a你只是假装在陪孩子@Ani zhi shi jia zhuang zai pei hai zi@d= The work/parent switch: how to parent smarter not harder@f(英)安妮塔·克莱尔(Anita Cleare)著@g徐颖译@zeng |
| 210 | @a北京@c电子工业出版社@d2021.08 | |
| 215 | @a216页@d24cm | |
| 314 | @a安妮塔·克莱尔,亲子教育讲师、作家和教练。本书主要面向需兼顾工作和育儿的职场人士,探索如何在职场打拼和养儿育女之间实现良好平衡。安妮塔具备发展心理学学术背景,并且在家庭关系领域拥有丰富而广泛的工作经验,常在英国及国际“职场父母”相关主题活动中发表演讲,她的博客“动脑育儿(Thinking Parenting)”曾荣获各种奖项提名。 | |
| 330 | @a工作模式的陪伴是大多数家长的通病。职场父母下班到家后已是筋疲力尽,虽然想好好陪孩子,但并不知道应该怎么陪孩子玩。职场父母往往不能转变思维习惯,还是像在工作时一样,以效率优先、结果导向、解决问题为目标和孩子相处。真正的亲子模式陪伴,是亲子互动式的,是体验优先、富有童趣和充满好奇的。父母要懂得把自己变成孩子,和孩子共同创造幸福愉悦的家庭环境。 | |
| 510 | 1 | @aWork/parent switch: how to parent smarter not harder@zeng |
| 606 | 0 | @a家庭教育@j文集 |
| 690 | @aG78-53@v5 | |
| 701 | 1 | @c(英)@a克莱尔@Ake lai er@c(Cleare, Anita)@4著 |
| 702 | 0 | @a徐颖@Axu ying@4译 |
| 801 | 0 | @aCN@bAHXH@c20221111 |
| 905 | @b1369743-7@dG78-53@e2880@f5 | |
| 你只是假装在陪孩子= The work/parent switch: how to parent smarter not harder/(英)安妮塔·克莱尔(Anita Cleare)著/徐颖译.-北京:电子工业出版社,2021.08 |
| 216页;24cm |
| ISBN 978-7-121-41457-2:CNY49.80 |
| 工作模式的陪伴是大多数家长的通病。职场父母下班到家后已是筋疲力尽,虽然想好好陪孩子,但并不知道应该怎么陪孩子玩。职场父母往往不能转变思维习惯,还是像在工作时一样,以效率优先、结果导向、解决问题为目标和孩子相处。真正的亲子模式陪伴,是亲子互动式的,是体验优先、富有童趣和充满好奇的。父母要懂得把自己变成孩子,和孩子共同创造幸福愉悦的家庭环境。 |
| ● |
| 相关链接 |
|
|
|
|
正题名:你只是假装在陪孩子
索取号:G78-53/2880
 
预约/预借
| 序号 | 登录号 | 条形码 | 馆藏地/架位号 | 状态 | 备注 |
| 1 | 1369743 | 213697436 | 第一样本阅览室/ [索取号:G78-53/2880] | 在馆 | |
| 2 | 1369744 | 213697445 | 教育系资料室/ [索取号:G78-53/2880] | 在馆 | |
| 3 | 1369745 | 213697454 | 教育系资料室/ [索取号:G78-53/2880] | 在馆 | |
| 4 | 1369746 | 213697463 | 第四借阅区/ [索取号:G78-53/2880] | 在馆 | |
| 5 | 1369747 | 213697472 | 第四借阅区/ [索取号:G78-53/2880] | 在馆 |